| 000 | 00825nam0a2200253 4500 | ||
|---|---|---|---|
| 001 | RU\NLR\BIBL_A\011591036 | ||
| 005 | 20250626094731.0 | ||
| 035 | _a(NLR Aleph) 011591036 | ||
| 090 |
_a10838384 _c10838384 |
||
| 100 | _a20180112d1949 |||y0rusy50 ca | ||
| 101 | 0 | _aabk | |
| 102 | _aRU | ||
| 105 | _ay z 000 y | ||
| 200 | 1 |
_aАжәаеинраалақәа _fҚьаазым Агумаа |
|
| 210 |
_aСухуми _cАҧҳәынҭшәҟәҭыжырҭа _d1949 |
||
| 215 |
_a74, [4] с. _d20 |
||
| 300 | _aГрафика на груз. основе | ||
| 541 | 1 |
_aСтихотворения _zrus |
|
| 686 | 1 | _aШ6(2=Аб)7-5 | |
| 700 | 1 |
_aАгумаа _bК. К. _f1915-1950 _gКязым Караманович _4070 |
|
| 852 |
_aNLR _bОНЛ _jАбхаз./2-172 |
||
| 942 | _cBOOK | ||
| 980 | _aNB | ||